| 000 | 00400 a2200121 4500 | ||
|---|---|---|---|
| 001 | ART_51161 | ||
| 005 | 20260410162028.0 | ||
| 008 | 260409a | ||
| 245 | 1 | 0 | _aArgentina y la oportunidad de avanzar hacia los parlamentos electrónicos |
| 100 | 1 | _aBorinsky, Mariano H. | |
| 700 | 1 | _aSchurjin Almenar, Daniel | |
| 773 | 0 |
_tTemas de derecho procesal _g- N° 9 (sep. 2020) _wREV44095 |
|
| 999 |
_c33761 _d33761 |
||